Normal view
MARC view
- Fowles, Grant.R, Cassiday, George.L
Entry Personal Name
001 - CONTROL NUMBER
- control field: 64599
003 - CONTROL NUMBER IDENTIFIER
- control field: NUST
005 - DATE AND TIME OF LATEST TRANSACTION
- control field: 20210628203314.0
008 - FIXED-LENGTH DATA ELEMENTS
- fixed length control field: 210628|| aca||aabn | a|a d
040 ## - CATALOGING SOURCE
- Original cataloging agency: NUST
- Transcribing agency: NUST
100 ## - HEADING--PERSONAL NAME
- Personal name: Fowles, Grant.R, Cassiday, George.L
670 ## - SOURCE DATA FOUND
- Source citation: Work cat.: (NUST): Fowles, Grant.R, Cassiday, George.L, Analytical mechanics, 2005
